De la escuela al trabajo?: la educación y el futuro laboral de los jóvenes en tiempos de globalización
I tiakina i:
| Kaituhi matua: | |
|---|---|
| Hōputu: | Pukapuka |
| Reo: | Pāniora |
| I whakaputaina: |
Buenos Aires
Del Signo
2007
|
| Putanga: | 1a. ed |
| Rangatū: | Colección razón Política. Educación
|
| Ngā marau: | |
| Ngā Tūtohu: |
Tāpirihia he Tūtohu
Kāore He Tūtohu, Me noho koe te mea tuatahi ki te tūtohu i tēnei pūkete!
|
MARC
| LEADER | 00000nam a2200000 a 4500 | ||
|---|---|---|---|
| 001 | UCI9694 | ||
| 003 | CL-VaPUC | ||
| 008 | 081128e20070000AG |||||||||||||||||spa|d | ||
| 020 | |a 9789871074501 | ||
| 082 | 0 | 4 | |a 371.195 |b GAR |2 21 |
| 100 | 0 | |a Garcés, Luis Javier |e author |9 533580 | |
| 245 | 1 | 0 | |a De la escuela al trabajo?: la educación y el futuro laboral de los jóvenes en tiempos de globalización |
| 250 | |a 1a. ed | ||
| 300 | |a 273 p | ||
| 942 | |c BK | ||
| 945 | |d 20081128 00:00:00 |a jtorresc | ||
| 260 | |a Buenos Aires |b Del Signo |c 2007 | ||
| 650 | 0 | |a Trabajo |9 313876 | |
| 650 | 7 | |a EDUACION Y TRABAJO |2 CL-VaPUC |9 533581 | |
| 650 | 7 | |a CAPACITACION LABORAL |2 CL-VaPUC |9 411356 | |
| 650 | 0 | |a Política educacional |9 308011 | |
| 650 | 0 | |a Educación técnica |9 307052 | |
| 650 | 0 | |a Globalización |9 361930 | |
| 583 | |a last modification |c 20081128 00:00:00 |k Rodrigo Vera | ||
| 490 | 0 | |a Colección razón Política. Educación | |
| 999 | |c 332177 |d 332175 | ||
| 952 | |0 0 |1 0 |4 0 |6 371_195000000000000_GAR_2007 |7 0 |8 A |9 419609 |a BIBEDU |b BIBEDU |d 2019-11-22 |i 4501713 |l 2 |o 371.195 GAR 2007 |p 4501713 |r 2023-09-06 |s 2023-09-06 |w 2019-11-22 |y BK |k EBA | ||